<?xml version="1.0" encoding="UTF-8"?>
<marc:record xmlns:marc="http://www.loc.gov/MARC21/slim">
   <marc:leader>00000nam a2200000 a 4500</marc:leader>
   <marc:datafield ind1="1" ind2=" " tag="100">
      <marc:subfield code="a">Lindgren, Astrid</marc:subfield>
      <marc:subfield code="4">aut</marc:subfield>
      <marc:subfield code="e">Verfasser/-in</marc:subfield>
   </marc:datafield>
   <marc:datafield ind1=" " ind2=" " tag="653">
      <marc:subfield code="a">Tonies-Hörfigur-Hörbuch</marc:subfield>
   </marc:datafield>
   <marc:datafield ind1="0" ind2="0" tag="245">
      <marc:subfield code="a">Immer lustig in Bullerbü</marc:subfield>
   </marc:datafield>
   <marc:datafield ind1="0" ind2="0" tag="245">
      <marc:subfield code="b">Tonies-Hörfigur - Hörspiel</marc:subfield>
   </marc:datafield>
   <marc:datafield ind1="0" ind2="0" tag="245">
      <marc:subfield code="c">Lindgren, Astrid</marc:subfield>
   </marc:datafield>
   <marc:datafield ind1=" " ind2="1" tag="264">
      <marc:subfield code="a">Düsseldorf</marc:subfield>
      <marc:subfield code="b">Boxine GmbH</marc:subfield>
      <marc:subfield code="c">2024</marc:subfield>
   </marc:datafield>
   <marc:datafield ind1="1" ind2=" " tag="490">
      <marc:subfield code="a">Bullerbü</marc:subfield>
   </marc:datafield>
   <marc:datafield ind1="1" ind2=" " tag="520">
      <marc:subfield code="a">Nach den berühmten Klassikern von Astrid Lindgren&#xD;
&#xD;
In Bullerbü geht es immer lustig zu. Lisa, Bosse, Lasse, Inga, Britta, Ole und die kleine Kerstin angeln und fangen Krebse, pflücken Kirschen und tanzen in der hellen Sommernacht ausgelassen um den Mittsommer-Baum. Denn es ist so, wie Lisa sagt: "Nirgendwo ist es so schön wie in Bullerbü!"&#xD;
&#xD;
&#xD;
Titelliste:&#xD;
01 - Bullerbü-Titelsong&#xD;
02 - Immer lustig in Bullerbü&#xD;
03 - Wenn wir von der Schule nach Hause gehen&#xD;
04 - Ole hat einen losen Zahn&#xD;
05 - Der lose Zahn wird gezogen&#xD;
06 - Der Schrein der Weisen&#xD;
07 - Wir fangen Krebse&#xD;
08 - Bullerbü-Titelsong&#xD;
&#xD;
Hörspiel&#xD;
&#xD;
Ab 4 Jahren</marc:subfield>
   </marc:datafield>
   <marc:datafield ind1=" " ind2=" " tag="041">
      <marc:subfield code="a">ger</marc:subfield>
   </marc:datafield>
   <marc:datafield ind1=" " ind2=" " tag="338">
      <marc:subfield code="a">Nicht spezifiziert</marc:subfield>
   </marc:datafield>
   <marc:datafield ind1=" " ind2=" " tag="300">
      <marc:subfield code="a">box mit booklet</marc:subfield>
   </marc:datafield>
</marc:record>
